| 000 | 00840cab a2200277 4500 | ||
|---|---|---|---|
| 001 | WB3348-13 | ||
| 008 | 090401t1997 xxu||||| |||| 00| 0 eng d | ||
| 035 | _a(Sirsi) u82539 | ||
| 041 | _aeng | ||
| 245 | _aPrime rents | ||
| 260 | _c1997 | ||
| 350 | _a0 | ||
| 490 |
_aDaily Telegraph _v8 December 1997, 26(1) |
||
| 520 | _aJones Lang Wootton`s latest 50 centres report shows continued improvement in rental levels across all sectors during the six months to the end of September 1997. | ||
| 650 | _a50 CENTRES | ||
| 650 | _aINDUSTRIAL RENTS | ||
| 650 | _aJONES LANG WOOTTON | ||
| 650 | _aOCCUPIER DEMAND | ||
| 650 | _aOFFICE RENTS | ||
| 650 | _aPRIME RENTS | ||
| 650 | _aRENTAL LEVELS | ||
| 650 | _aSHOP RENTS | ||
| 690 | _aPROPERTY-COMMERCIAL PROPERTY-COMMERCIAL PROPERTY MARKET | ||
| 942 | _n0 | ||
| 948 | _c09/12/1997 | ||
| 999 |
_c52114 _d52114 |
||